000 01207nam a2200217Ia 4500
020 _a9251051674 (pbk.)
040 _cFQG
082 _a333 FOO 2004 A015 Or.
245 1 0 _aLeasing agricultural land
260 _aRome :
_bFood and Agriculture Organization of the United Nations,
_cc2004
300 _a21 p. :
_bill. ;
_c21 cm
500 _a"The information in this guide is based on FAO's Land Tenure Studies Number 2: 'Good practice guidelines for agricultural leasing arrangements'"--P. 1
500 _a"TC/M/Y5513E/1/07.04/1130"--P. [4] of cover
520 _aFair and secure leasing arrangements that balance the interests of the tenant and the land owner can lead to improvements in access to land for farming, better agricultural production and improved access to food. This guide is intended primarily to support those who work with small farmers by providing information on "good practices" for leasing land, and advice on how this information could be adapted to fit local conditions
650 0 _aLeases
650 0 _aFarm tenancy
650 0 _aLandlord and tenant
650 0 _aAgricultural contracts
710 2 _aFood and Agriculture Organization of the United Nations
942 _cEK
999 _c11327
_d11327